000 00247nam a2200097 a 4500
005 20140414131940.0
008 110126s19uu xx 00 eng d
050 _aTR 372.6
_bIl5 1998
245 _aI like English 2 :
_bActivity Book.
999 _c112560
_d112560